| 000 | 00786nas a2200265 4500 | ||
|---|---|---|---|
| 001 | BR9204523 | ||
| 003 | BR-BrBNA | ||
| 005 | 20231205092738.0 | ||
| 007 | ta | ||
| 008 | 230509b bl.|||p| |||| 00| 00por d | ||
| 040 |
_aBR-BrBNA _bpor _cBiblioteca Nacional de Agricultura |
||
| 041 | _a(Pt) | ||
| 072 | _aL53 | ||
| 100 | 1 | _aFan, L.C.R. | |
| 100 | 1 | _aFan, P.A.R. | |
| 100 | 1 | _aSevero, J.E.V. | |
| 100 | 1 | _aAnahaia, L.A. | |
| 245 | 1 | _aInfluencia da gestacao sobre o eritrograma de vacas da raca charolesa | |
| 650 | _aGADO CHAROLES | ||
| 650 | _aPRENHEZ | ||
| 650 | _aGLOBULO VERMELHO | ||
| 773 | 0 |
_tRevista do Centro de Ciencias Rurais (Brazil) _xISSN 0085-5901 _g(Mar 1979), v. 9(1) p. 95-99 _wBR9204523 |
|
| 909 |
_a202311 _bLúcia _c55 _dLúcia Elande |
||
| 942 |
_2AGRIS _n0 _cANA |
||
| 999 |
_c133850 _d133850 |
||